000 01416nam a2200325 i 4500
001 000038047
003 DO-SdBNP
005 20250217091458.0
007 ta
008 130312s1986 dr 001 0 spa d
040 _aDO-SdBNP
_bspa
_cBNPHU
_erda
082 4 _aBNPHU 252.6
_bL864a
_222
100 1 _a López Rodríguez, Nicolás de Jesús,
_d1936-
_eautor
_9670
245 1 0 _aAlgo de lo que he dicho.../
_cNicolás de Jesús López Rodríguez ; prólogo, Francisco José Arnáiz.
264 _aSanto Domingo :
_bAmigo del Hogar,
_c1986.
300 _a582 páginas ;
_b23 cm.
336 _2rdacontent
_atexto
_btxt
337 _2rdamedia
_asin mediación
_bn
338 _2rdacarrier
_avolumen
_bnc
500 _aA la cabeza de la portada Nicolás de Jesús Cardenal López Rodríguez Arzobispo Metropolitano de Santo Domingo Primado de América.
505 0 _aPrólogo /
_rFrancisco José Arnaiz, S.J --
_tHomilías --
_tCharlas --
_tPalabras pronunciadas --
_tMensajes e invocación.
590 _aInventariado, 2018/ YL
610 2 _aIglesia Católica
_bArquidiocesis de Santo Domingo (República Dominicana)
_xSermones
_964444
650 4 _aSermones dominicanos
_964445
650 4 _aIglesia católica
_zRepública Dominicana
_92409
650 4 _aEducación cristiana
_xSermones
_964446
700 1 _aArnáiz, Francisco José,
_eprólogo
_96960
910 _aValidado. Control de calidad EMS
942 _2ddc
_cLBS1
999 _c37537
_d37537